[Event "Las Vegas 1000 GM IM-B"]
[Site "Las Vegas"]
[Date "2024.06.01"]
[Round "3"]
[White "Nandhakumar, Vaseegaran"]
[Black "Zuluaga Mancilla, Cesar"]
[Result "0-1"]
[WhiteElo "2310"]
[BlackElo "2188"]
[PlyCount "122"]
[EventDate "2024.05.31"]
[EventType "tourn"]
[EventRounds "9"]
[EventCountry "USA"]
[SourceTitle "CBM 220 Extra"]
[Source "ChessBase"]
[SourceDate "2024.07.31"]
[SourceVersion "1"]
[SourceVersionDate "2024.07.31"]
[SourceQuality "1"]

1. Nf3 d5 2. b3 c6 3. Bb2 Bf5 4. Nh4 Bg6 5. g3 Nf6 6. Bg2 Nbd7 7. c4 e6 8. 0-0 Be4 9. Nf3 h6 10. cxd5 exd5 11. d3 Bh7 12. Nc3 Bb4 13. a3 Ba5 14. e4 dxe4 15. dxe4 0-0 16. b4 Bc7 17. Re1 Re8 18. b5 Nc5 19. bxc6 bxc6 20. Nd4 Ncxe4 21. Nxe4 Nxe4 22. Nxc6 Qg5 23. Qd7 Bb6 24. Bd4 Re6 25. Bxb6 axb6 26. Nd4 Ree8 27. Qc6 Qc5 28. Qxc5 bxc5 29. Nb5 Rab8 30. Nc7 Rec8 31. Nd5 Re8 32. Nc7 Rec8 33. Na6 Ra8 34. Bxe4 Bxe4 35. Nxc5 Bf5 36. Nb3 Ra4 37. Re5 Be6 38. Re3 Rc2 39. Nc1 Bh3 40. Ne2 g5 41. f3 Be6 42. Kf2 Bc4 43. Ke1 Bxe2 44. Re8+ Kg7 45. Rxe2 Rc3 46. Rea2 Rxf3 47. Kd2 g4 48. Kc2 h5 49. Kb2 h4 50. Rg1 f5 51. gxh4 Rh3 52. Rg2 Kg6 53. Ra1 Kh5 54. Rf1 f4 55. Rc2 Kxh4 56. Rc8 Rxh2+ 57. Kb3 Re4 58. Rg1 Rh3+ 59. Kb2 Re2+ 60. Kb1 g3 61. Rg8 Rhh2 0-1

[Event "Austin Spring IM"]
[Site "Austin"]
[Date "2024.05.27"]
[Round "7"]
[White "Nandhakumar, Vaseegaran"]
[Black "Lee, Megan Shuen Hui"]
[Result "1-0"]
[WhiteElo "2310"]
[BlackElo "2274"]
[PlyCount "143"]
[EventDate "2024.05.24"]
[EventType "tourn"]
[EventRounds "9"]
[EventCountry "USA"]
[SourceTitle "CBM 220 Extra"]
[Source "ChessBase"]
[SourceDate "2024.07.31"]
[SourceVersion "1"]
[SourceVersionDate "2024.07.31"]
[SourceQuality "1"]

1. d4 d5 2. Nc3 Nf6 3. Bf4 e6 4. Nb5 Na6 5. e3 Be7 6. h4 Ne4 7. Bd3 Bd7 8. Bxe4 dxe4 9. Nc3 Bxh4 10. Qg4 e5 11. Qxh4 Qxh4 12. Rxh4 exf4 13. exf4 0-0-0 14. Nge2 f5 15. 0-0-0 h6 16. Nd5 Rhe8 17. Ne3 Nb4 18. a3 Nc6 19. b3 b5 20. Rh3 Ne7 21. Kb2 Be6 22. g3 c6 23. Rhh1 Rd7 24. c4 Red8 25. Kc3 Kb7 26. Rd2 a6 27. a4 Bf7 28. Ra2 c5 29. d5 b4+ 30. Kc2 h5 31. Raa1 g6 32. Rad1 Nc8 33. Ng1 Nd6 34. Nh3 Ne8 35. Ng5 Nf6 36. Rd2 Bg8 37. Re2 Re8 38. Ng2 Kc7 39. Nh4 Rg7 40. f3 exf3 41. Rxe8 Nxe8 42. Nhxf3 Nf6 43. Re1 Kd6 44. Kd3 a5 45. Re2 Rd7 46. Nh4 Nxd5 47. cxd5 Bxd5 48. Kc2 c4 49. bxc4 Rc7 50. Kb2 Rxc4 51. Nxg6 Rc3 52. Nh4 Rb3+ 53. Kc2 Ra3 54. Nxf5+ Kc5 55. Re5 Ra2+ 56. Kb1 b3 57. Ne3 Kb4 58. Nxd5+ Ka3 59. Ne3 Rb2+ 60. Kc1 Rh2 61. Nd1 Ka2 62. Nc3+ Ka1 63. Nge4 b2+ 64. Kd1 h4 65. gxh4 Rxh4 66. Nd2 b1Q+ 67. Ncxb1 Rxf4 68. Rxa5 Kb2 69. Rb5+ Ka1 70. Nc3 Rb4 71. Rh5 Rd4 72. Kc2 1-0

[Event "Austin Spring IM"]
[Site "Austin"]
[Date "2024.05.26"]
[Round "5"]
[White "Nandhakumar, Vaseegaran"]
[Black "Iinuma, Paul Y"]
[Result "1/2-1/2"]
[WhiteElo "2310"]
[BlackElo "2200"]
[PlyCount "46"]
[EventDate "2024.05.24"]
[EventType "tourn"]
[EventRounds "9"]
[EventCountry "USA"]
[SourceTitle "CBM 220 Extra"]
[Source "ChessBase"]
[SourceDate "2024.07.31"]
[SourceVersion "1"]
[SourceVersionDate "2024.07.31"]
[SourceQuality "1"]

1. c4 c6 2. Nf3 Nf6 3. b3 d5 4. Bb2 Bf5 5. g3 e6 6. Bg2 h6 7. 0-0 Nbd7 8. d3 Be7 9. Nbd2 0-0 10. Re1 Bh7 11. a3 a5 12. Ra2 Re8 13. Qa1 Bd6 14. Ne5 Nxe5 15. Bxe5 Bxe5 16. Qxe5 Qb6 17. Qc3 e5 18. cxd5 cxd5 19. Rc2 e4 20. dxe4 Nxe4 21. Nxe4 Bxe4 22. Bxe4 dxe4 23. e3 Rad8 1/2-1/2

[Event "Charlotte Spring IMB 2024"]
[Site "Charlotte"]
[Date "2024.03.30"]
[Round "6"]
[White "Bregadze, Levan"]
[Black "Nandhakumar, Vaseegaran"]
[Result "1/2-1/2"]
[WhiteElo "2435"]
[BlackElo "2251"]
[PlyCount "52"]
[EventDate "2024.03.27"]
[EventType "tourn"]
[EventRounds "9"]
[EventCountry "USA"]
[SourceTitle "CBM 219 Extra"]
[Source "ChessBase"]
[SourceDate "2024.05.31"]
[SourceVersion "1"]
[SourceVersionDate "2024.05.31"]
[SourceQuality "1"]

1. d4 Nf6 2. c4 g6 3. Nc3 d5 4. Nf3 Bg7 5. Bg5 dxc4 6. e3 0-0 7. Bxc4 c5 8. 0-0 cxd4 9. Nxd4 Qa5 10. Bxf6 exf6 11. Nd5 Nd7 12. Rc1 Ne5 13. Ne7+ Kh8 14. Nxc8 Nxc4 15. Rxc4 Raxc8 16. Rxc8 Rxc8 17. Qb3 Qc7 18. Rd1 a6 19. g3 f5 20. Ne2 Qe7 21. Nf4 b5 22. a4 bxa4 23. Qxa4 Bxb2 24. Qxa6 Rf8 25. Qb5 Bg7 26. Rd7 Qe5 1/2-1/2

[Event "Charlotte Spring IMB 2024"]
[Site "Charlotte"]
[Date "2024.03.28"]
[Round "2"]
[White "Diaz Charpentier, Kristel Melissa"]
[Black "Nandhakumar, Vaseegaran"]
[Result "0-1"]
[WhiteElo "1990"]
[BlackElo "2251"]
[PlyCount "82"]
[EventDate "2024.03.27"]
[EventType "tourn"]
[EventRounds "9"]
[EventCountry "USA"]
[SourceTitle "CBM 219 Extra"]
[Source "ChessBase"]
[SourceDate "2024.05.31"]
[SourceVersion "1"]
[SourceVersionDate "2024.05.31"]
[SourceQuality "1"]

1. d4 Nf6 2. c4 d6 3. Nc3 e5 4. Nf3 Nbd7 5. e4 g6 6. Be2 Bg7 7. d5 0-0 8. h3 a5 9. g4 Nc5 10. Qc2 c6 11. Bg5 cxd5 12. cxd5 Bd7 13. 0-0 Rc8 14. Nd2 b5 15. Bxf6 Qxf6 16. Bxb5 Bxb5 17. Nxb5 Ne6 18. Qb3 Nf4 19. Rfe1 Qh4 20. Qg3 Nxh3+ 21. Kh2 Qh6 22. g5 Nxg5+ 23. Kg2 Nh3 24. Nxd6 Qxd2 25. Kxh3 Rc2 26. Rad1 Qb4 27. Nf5 Qxb2 28. Rb1 Qc3 29. Re3 Qc7 30. Nxg7 Kxg7 31. Rbb3 Rxa2 32. Rec3 Qe7 33. Rf3 Re2 34. Rfe3 Rxe3 35. Qxe3 a4 36. Ra3 Rb8 37. Kg2 Rb4 38. Rc3 Qh4 39. Kf3 Qh3+ 40. Ke2 Rb2+ 41. Kd3 Qf1+ 0-1

[Event "Titled Tuesday intern op 16th Jan Late"]
[Site "Chess.com INT"]
[Date "2024.01.16"]
[Round "9"]
[White "Ferreira, Vitor Hugo Vieira"]
[Black "Nandhakumar, Vaseegaran"]
[Result "1/2-1/2"]
[WhiteElo "2128"]
[BlackElo "2230"]
[PlyCount "170"]
[EventDate "2024.01.16"]
[EventType "swiss (blitz)"]
[EventRounds "11"]
[EventCountry "USA"]
[SourceTitle "CBM 218 Extra"]
[Source "ChessBase"]
[SourceDate "2024.03.31"]
[SourceVersion "1"]
[SourceVersionDate "2024.03.31"]
[SourceQuality "1"]

1. d4 Nf6 2. c4 e6 3. Nf3 d5 4. Nc3 Bb4 5. cxd5 exd5 6. Bg5 h6 7. Bh4 0-0 8. Qc2 Bg4 9. Ne5 Bh5 10. g4 Bg6 11. Nxg6 fxg6 12. Qxg6 Nc6 13. e3 Qe8 14. Qxe8 Raxe8 15. Bxf6 Rxf6 16. Bg2 Nxd4 17. Bxd5+ Kh8 18. 0-0 Bxc3 19. bxc3 Ne2+ 20. Kg2 Nxc3 21. Bxb7 Rb8 22. Rfc1 Nxa2 23. Rxa2 Rxb7 24. Rca1 c5 25. f4 Re6 26. Kf3 Rb3 27. Re1 a6 28. Rc2 Rb5 29. Rc3 a5 30. f5 Ra6 31. e4 a4 32. e5 a3 33. e6 Rb8 34. Ra1 a2 35. Rc2 Rb3+ 36. Kf4 Rb4+ 37. Ke5 Rba4 38. h4 c4 39. g5 hxg5 40. hxg5 Kg8 41. Rd2 R4a5+ 42. Kd4 Rd6+ 43. Kc3 Rxd2 44. Kxd2 Rxf5 45. Kc3 Rxg5 46. Rxa2 Re5 47. Ra8+ Kh7 48. Re8 Kg6 49. Kxc4 Kf6 50. Kd4 Rxe6 51. Rxe6+ Kxe6 52. Ke4 Kf6 53. Kf4 Kg6 54. Kg4 Kh7 55. Kh5 Kh8 56. Kg6 Kg8 57. Kg5 Kf7 58. Kf5 g6+ 59. Kg5 Kg7 60. Kg4 Kf6 61. Kf4 Kf7 62. Kg5 Kg7 63. Kg4 Kh6 64. Kh4 g5+ 65. Kg4 Kg6 66. Kg3 Kf6 67. Kf3 Kf5 68. Kf2 Kg6 69. Kg3 Kh5 70. Kh3 Kg6 71. Kg4 Kf6 72. Kg3 Kf5 73. Kf3 g4+ 74. Kg3 Kg5 75. Kg2 Kf4 76. Kf2 Kf5 77. Kg3 Kg5 78. Kg2 Kh4 79. Kh2 g3+ 80. Kg2 Kg4 81. Kg1 Kf3 82. Kf1 Kf4 83. Kg2 Kg4 84. Kg1 Kf4 85. Kg2 Kg4 1/2-1/2

[Event "Titled Tuesday intern op 16th Jan Late"]
[Site "Chess.com INT"]
[Date "2024.01.16"]
[Round "3"]
[White "Nandhakumar, Vaseegaran"]
[Black "Karamsetty, Jeevan"]
[Result "1-0"]
[WhiteElo "2230"]
[BlackElo "2211"]
[PlyCount "81"]
[EventDate "2024.01.16"]
[EventType "swiss (blitz)"]
[EventRounds "11"]
[EventCountry "USA"]
[SourceTitle "CBM 218 Extra"]
[Source "ChessBase"]
[SourceDate "2024.03.31"]
[SourceVersion "1"]
[SourceVersionDate "2024.03.31"]
[SourceQuality "1"]

1. d4 g6 2. Nc3 Bg7 3. h4 Nf6 4. e4 d6 5. Be3 a6 6. h5 Nxh5 7. Rxh5 gxh5 8. Qxh5 e6 9. 0-0-0 Nc6 10. f4 Bd7 11. e5 d5 12. f5 exf5 13. Bg5 Qc8 14. Nxd5 Be6 15. Nf6+ Bxf6 16. Bxf6 Rf8 17. d5 Bxd5 18. Rxd5 Qe6 19. Bc4 Qc8 20. Nf3 b5 21. Bd3 Nb4 22. Rd8+ Qxd8 23. Bxd8 Rxd8 24. Qxf5 c5 25. a3 Nd5 26. e6 c4 27. exf7+ Rxf7 28. Qe6+ Re7 29. Qc6+ Kf8 30. Qh6+ Ke8 31. Bxh7 Ne3 32. Qc6+ Kf8 33. Qf6+ Ke8 34. Bg6+ Kd7 35. Ne5+ Kc8 36. Qxa6+ Rb7 37. Bf5+ Kc7 38. Qc6+ Kb8 39. Nd7+ Ka8 40. Qa6+ Ra7 41. Be4+ 1-0

[Event "Titled Tuesday intern op 16th Jan Late"]
[Site "Chess.com INT"]
[Date "2024.01.16"]
[Round "8"]
[White "Nandhakumar, Vaseegaran"]
[Black "Schnaider, Ilan"]
[Result "0-1"]
[WhiteElo "2230"]
[BlackElo "2323"]
[PlyCount "24"]
[EventDate "2024.01.16"]
[EventType "swiss (blitz)"]
[EventRounds "11"]
[EventCountry "USA"]
[SourceTitle "CBM 218 Extra"]
[Source "ChessBase"]
[SourceDate "2024.03.31"]
[SourceVersion "1"]
[SourceVersionDate "2024.03.31"]
[SourceQuality "1"]

1. c4 Nf6 2. Nc3 g6 3. g3 Bg7 4. Bg2 0-0 5. Nf3 d5 6. cxd5 Nxd5 7. 0-0 Nc6 8. e4 Ndb4 9. Qe2 Bg4 10. Qc4 Nc2 11. Rb1 Bxf3 12. Bxf3 Ne5 0-1

[Event "Titled Tuesday intern op 16th Jan Late"]
[Site "Chess.com INT"]
[Date "2024.01.16"]
[Round "4"]
[White "Toman, Ondrej"]
[Black "Nandhakumar, Vaseegaran"]
[Result "0-1"]
[WhiteElo "2286"]
[BlackElo "2230"]
[PlyCount "148"]
[EventDate "2024.01.16"]
[EventType "swiss (blitz)"]
[EventRounds "11"]
[EventCountry "USA"]
[SourceTitle "CBM 218 Extra"]
[Source "ChessBase"]
[SourceDate "2024.03.31"]
[SourceVersion "1"]
[SourceVersionDate "2024.03.31"]
[SourceQuality "1"]

1. d4 Nf6 2. Bg5 e6 3. Nd2 h6 4. Bxf6 Qxf6 5. c3 Qg6 6. e4 d5 7. Qf3 dxe4 8. Nxe4 e5 9. dxe5 Nc6 10. Bb5 Bd7 11. Ng3 0-0-0 12. Qe4 f5 13. Qc2 Nxe5 14. Bxd7+ Rxd7 15. Rd1 Bc5 16. Rxd7 Nxd7 17. N1e2 Rf8 18. 0-0 Bd6 19. Nd4 Bxg3 20. fxg3 Qb6 21. Kh1 g6 22. Qe2 a6 23. g4 f4 24. Nf3 g5 25. Rd1 Qf6 26. Nd4 Ne5 27. h3 Kb8 28. Nf3 Nxf3 29. Qxf3 Re8 30. Qd5 Qb6 31. b4 Qe3 32. a4 Qxc3 33. b5 Re1+ 34. Rxe1 Qxe1+ 35. Kh2 Qg3+ 36. Kh1 Qe1+ 37. Kh2 axb5 38. axb5 b6 39. Qd8+ Kb7 40. Qd5+ Ka7 41. Qc6 Qe5 42. Kh1 Qc5 43. Qd7 Kb7 44. Qe8 Qc1+ 45. Kh2 Qe3 46. Qc6+ Kb8 47. Kh1 Qe1+ 48. Kh2 Qg3+ 49. Kh1 Qe1+ 50. Kh2 Qe5 51. Kh1 Qc5 52. Qxh6 Qxb5 53. Qh8+ Kb7 54. Qg8 Qc5 55. Kh2 b5 56. Qb3 b4 57. Qf3+ c6 58. Qd3 Qe5 59. Qd7+ Kb6 60. Qd8+ Qc7 61. Qd4+ c5 62. Qf6+ Ka5 63. Qxg5 b3 64. Qd5 Kb4 65. Qd2+ Ka3 66. Qc3 Ka2 67. g5 f3+ 68. Kg1 b2 69. Qc4+ Kb1 70. Qf1+ Kc2 71. Qf2+ Kb3 72. Qxf3+ Ka2 73. Qd5+ c4 74. Qd2 Qc5+ 0-1

[Event "Titled Tuesday intern op 02nd Jan Late"]
[Site "Chess.com INT"]
[Date "2024.01.02"]
[Round "2"]
[White "Nandhakumar, Vaseegaran"]
[Black "Odeh, Kenneth"]
[Result "1-0"]
[WhiteElo "2230"]
[BlackElo "1932"]
[PlyCount "51"]
[EventDate "2024.01.02"]
[EventType "swiss (blitz)"]
[EventRounds "11"]
[EventCountry "USA"]
[SourceTitle "EXT 2025"]
[Source "ChessBase"]
[SourceDate "2024.10.14"]
[SourceVersion "1"]
[SourceVersionDate "2024.10.14"]
[SourceQuality "1"]

1. d4 Nf6 2. Nf3 d5 3. Bf4 g6 4. Nc3 Bg7 5. Qd2 0-0 6. Bh6 Bg4 7. Bxg7 Kxg7 8. Ne5 Be6 9. h4 h5 10. 0-0-0 Nc6 11. Nxc6 bxc6 12. f3 a5 13. e4 a4 14. e5 Nd7 15. g4 hxg4 16. h5 Rh8 17. Bd3 gxf3 18. hxg6 fxg6 19. Qg5 Nf8 20. Rxh8 Kxh8 21. Bxg6 Bg8 22. Rh1+ Nh7 23. Qh4 Qf8 24. Bxh7 Qg7 25. Bd3+ Bh7 26. Bxh7 1-0

[Event "US Masters op"]
[Site "Charlotte"]
[Date "2023.11.22"]
[Round "1"]
[White "Nandhakumar, Vaseegaran"]
[Black "Dudin, Gleb"]
[Result "0-1"]
[WhiteElo "2177"]
[BlackElo "2537"]
[PlyCount "110"]
[EventDate "2023.11.22"]
[EventType "swiss"]
[EventRounds "9"]
[EventCountry "USA"]
[SourceTitle "CBM 217 Extra"]
[Source "ChessBase"]
[SourceDate "2024.01.31"]
[SourceVersion "1"]
[SourceVersionDate "2024.01.31"]
[SourceQuality "1"]

1. Nf3 Nf6 2. b3 d5 3. Bb2 Bf5 4. Nh4 Bc8 5. e3 e6 6. Nf3 a6 7. c4 b6 8. g3 Bb7 9. Bg2 Be7 10. 0-0 0-0 11. Nc3 Re8 12. Rc1 Bf8 13. Qe2 dxc4 14. bxc4 c5 15. d3 e5 16. Rfd1 b5 17. cxb5 axb5 18. Nxb5 Ra7 19. a3 Rxa3 20. Nc3 Ra7 21. Ra1 Rxa1 22. Bxa1 Na6 23. Nd2 Bxg2 24. Kxg2 Nb4 25. Nc4 Qa8+ 26. Kg1 Qa6 27. e4 Qe6 28. Nb1 Nd7 29. Nbd2 f6 30. Nf1 Rd8 31. Nfe3 Nb8 32. Bc3 N8c6 33. h4 g6 34. h5 Nd4 35. Bxd4 cxd4 36. Nc2 Na6 37. Rb1 Rb8 38. Rxb8 Nxb8 39. hxg6 hxg6 40. Qe1 Na6 41. Qe2 Qd7 42. Kg2 Qe6 43. Ne1 Nc5 44. Nf3 Bh6 45. Qc2 Bf8 46. Qe2 Kg7 47. Qc2 Be7 48. Qe2 Qc6 49. Nh4 Qe6 50. Nf3 Nd7 51. Qe1 g5 52. Qe2 Nc5 53. Ne1 Qa6 54. f4 exf4 55. gxf4 Ne6 0-1

[Event "Titled Tuesday intern op 07th Nov Late"]
[Site "Chess.com INT"]
[Date "2023.11.07"]
[Round "1"]
[White "Annaberdiev, Meilis"]
[Black "Nandhakumar, Vaseegaran"]
[Result "1-0"]
[WhiteElo "2471"]
[BlackElo "2177"]
[PlyCount "51"]
[EventDate "2023.11.07"]
[EventType "swiss (blitz)"]
[EventRounds "11"]
[EventCountry "USA"]
[SourceTitle "EXT 2025"]
[Source "ChessBase"]
[SourceDate "2024.10.14"]
[SourceVersion "1"]
[SourceVersionDate "2024.10.14"]
[SourceQuality "1"]

1. e4 c5 2. Nf3 Nc6 3. Bb5 g6 4. 0-0 Bg7 5. c3 Nf6 6. Re1 0-0 7. d4 d5 8. e5 Ne4 9. Bxc6 bxc6 10. Be3 Rb8 11. Qc1 Bg4 12. h3 Bxf3 13. gxf3 Qc8 14. Kg2 cxd4 15. cxd4 Nd6 16. exd6 exd6 17. Nc3 Qf5 18. Ne2 c5 19. Qd2 Rfe8 20. Rad1 c4 21. Rb1 Rb6 22. b4 Reb8 23. Nc3 Rxb4 24. Rxb4 Rxb4 25. Nxd5 Rb7 26. Bh6 1-0

[Event "Titled Tuesday intern op 07th Nov Late"]
[Site "Chess.com INT"]
[Date "2023.11.07"]
[Round "3"]
[White "Nandhakumar, Vaseegaran"]
[Black "Feliz Dotel, Dewar Bienvenido"]
[Result "1-0"]
[WhiteElo "2177"]
[BlackElo "2048"]
[PlyCount "39"]
[EventDate "2023.11.07"]
[EventType "swiss (blitz)"]
[EventRounds "11"]
[EventCountry "USA"]
[SourceTitle "EXT 2025"]
[Source "ChessBase"]
[SourceDate "2024.10.14"]
[SourceVersion "1"]
[SourceVersionDate "2024.10.14"]
[SourceQuality "1"]

1. Nf3 d5 2. e3 e6 3. c4 c5 4. d4 Nc6 5. cxd5 exd5 6. Bb5 Nf6 7. 0-0 cxd4 8. Nxd4 Bd7 9. b3 Be7 10. Bb2 0-0 11. Nc3 Nxd4 12. Qxd4 Bxb5 13. Nxb5 a6 14. Nc3 Rc8 15. Rfd1 Bc5 16. Qh4 Be7 17. Qg3 Rc5 18. b4 Rc4 19. Nxd5 Nxd5 20. Qxg7# 1-0

[Event "Titled Tuesday intern op 07th Nov Late"]
[Site "Chess.com INT"]
[Date "2023.11.07"]
[Round "6"]
[White "Nandhakumar, Vaseegaran"]
[Black "Zakaryan, David"]
[Result "0-1"]
[WhiteElo "2177"]
[BlackElo "2299"]
[PlyCount "52"]
[EventDate "2023.11.07"]
[EventType "swiss (blitz)"]
[EventRounds "11"]
[EventCountry "USA"]
[SourceTitle "EXT 2025"]
[Source "ChessBase"]
[SourceDate "2024.10.14"]
[SourceVersion "1"]
[SourceVersionDate "2024.10.14"]
[SourceQuality "1"]

1. Nf3 d5 2. e3 Nf6 3. d4 c5 4. Bd3 Nc6 5. 0-0 Bg4 6. c3 e6 7. h3 Bh5 8. Nbd2 cxd4 9. exd4 Bd6 10. Re1 Qc7 11. Nf1 Rb8 12. Bg5 b5 13. Ne3 Ne4 14. Bh4 0-0 15. Ng4 f5 16. Nge5 Bxe5 17. dxe5 Nxe5 18. Be2 Ng6 19. Ng5 Nxh4 20. Nxe6 Qb6 21. Nd4 Bxe2 22. Rxe2 b4 23. Qb3 bxc3 24. Qxd5+ Kh8 25. g3 Qxd4 26. Qxd4 Nf3+ 0-1

[Event "Titled Tuesday intern op 07th Nov Late"]
[Site "Chess.com INT"]
[Date "2023.11.07"]
[Round "2"]
[White "Tatarinov, Dmitry"]
[Black "Nandhakumar, Vaseegaran"]
[Result "1-0"]
[WhiteElo "2332"]
[BlackElo "2177"]
[PlyCount "83"]
[EventDate "2023.11.07"]
[EventType "swiss (blitz)"]
[EventRounds "11"]
[EventCountry "USA"]
[SourceTitle "EXT 2025"]
[Source "ChessBase"]
[SourceDate "2024.10.14"]
[SourceVersion "1"]
[SourceVersionDate "2024.10.14"]
[SourceQuality "1"]

1. Nf3 Nf6 2. d4 e6 3. e3 b6 4. Be2 Bb7 5. 0-0 Be7 6. c4 0-0 7. Nc3 d6 8. b3 Nbd7 9. Bb2 e5 10. Qc2 Re8 11. Rad1 Bf8 12. dxe5 dxe5 13. Nd5 Nxd5 14. cxd5 Bd6 15. Bb5 a6 16. Bc6 Qc8 17. e4 Bxc6 18. dxc6 Nf6 19. h3 h6 20. Rd2 a5 21. a3 Qe6 22. Rfd1 Nh5 23. Nh4 g6 24. Bc1 Nf4 25. Nf3 Qf6 26. Qc3 Kh7 27. Kh2 Rad8 28. g3 Ne6 29. Kg2 Nc5 30. Qc2 Qe6 31. b4 axb4 32. axb4 Na6 33. b5 Nc5 34. Ba3 Qf6 35. Bxc5 bxc5 36. Rd5 Rb8 37. Qc4 Rb6 38. Rxd6 cxd6 39. Rxd6 Qg7 40. Rd7 Kg8 41. Qxc5 Rbb8 42. c7 1-0

[Event "Titled Tuesday intern op 07th Nov Late"]
[Site "Chess.com INT"]
[Date "2023.11.07"]
[Round "10"]
[White "Zampronha, Wladimir Camilo"]
[Black "Nandhakumar, Vaseegaran"]
[Result "1/2-1/2"]
[WhiteElo "2121"]
[BlackElo "2177"]
[PlyCount "64"]
[EventDate "2023.11.07"]
[EventType "swiss (blitz)"]
[EventRounds "11"]
[EventCountry "USA"]
[SourceTitle "EXT 2025"]
[Source "ChessBase"]
[SourceDate "2024.10.14"]
[SourceVersion "1"]
[SourceVersionDate "2024.10.14"]
[SourceQuality "1"]

1. e4 c5 2. Nf3 Nc6 3. d4 cxd4 4. Nxd4 Nf6 5. Nc3 e5 6. Ndb5 d6 7. Bg5 a6 8. Na3 b5 9. Nd5 Be7 10. Bxf6 Bxf6 11. c3 Ne7 12. Nc2 Nxd5 13. exd5 0-0 14. a4 bxa4 15. Rxa4 g6 16. Nb4 a5 17. Nc6 Qb6 18. Ra2 Bd7 19. Qa4 Qc5 20. Qb5 Qxb5 21. Bxb5 Bxc6 22. Bxc6 Ra7 23. Kd2 Rb8 24. Kc2 Bd8 25. Rha1 Re7 26. f3 Kg7 27. Ra4 f5 28. Rc4 Bb6 29. Ba4 Bc5 30. Bc6 Bb6 31. Ba4 Bc5 32. Bc6 Bb6 1/2-1/2

[Event "Titled Tuesday intern op 10th Oct Early"]
[Site "Chess.com INT"]
[Date "2023.10.10"]
[Round "1"]
[White "Nandhakumar, Vaseegaran"]
[Black "Manukyan, Sargis A"]
[Result "1-0"]
[WhiteElo "2177"]
[BlackElo "2216"]
[PlyCount "55"]
[EventDate "2023.10.10"]
[EventType "swiss (blitz)"]
[EventRounds "11"]
[EventCountry "USA"]
[SourceTitle "EXT 2025"]
[Source "ChessBase"]
[SourceDate "2024.10.14"]
[SourceVersion "1"]
[SourceVersionDate "2024.10.14"]
[SourceQuality "1"]

1. Nf3 d5 2. b3 e6 3. Bb2 Nf6 4. e3 Be7 5. c4 c5 6. cxd5 exd5 7. d4 Nc6 8. Nc3 cxd4 9. Nxd4 0-0 10. Be2 Be6 11. 0-0 Rc8 12. Rc1 a6 13. Na4 Nxd4 14. Qxd4 b5 15. Nc5 Bxc5 16. Rxc5 Rxc5 17. Qxc5 Qc8 18. Rc1 Ne4 19. Qd4 Qxc1+ 20. Bxc1 Rc8 21. Bb2 f6 22. h3 Rc2 23. Bg4 Bf7 24. Qb6 h5 25. Qd8+ Kh7 26. Bf5+ Bg6 27. Qxd5 Nxf2 28. Bxc2 1-0

[Event "Titled Tuesday intern op 26th Sep Early"]
[Site "Chess.com INT"]
[Date "2023.09.26"]
[Round "1"]
[White "Nandhakumar, Vaseegaran"]
[Black "Hua, Lefong"]
[Result "1/2-1/2"]
[WhiteElo "2174"]
[BlackElo "2305"]
[PlyCount "173"]
[EventDate "2023.09.26"]
[EventType "swiss (blitz)"]
[EventRounds "11"]
[EventCountry "USA"]
[SourceTitle "EXT 2024"]
[Source "ChessBase"]
[SourceDate "2023.10.10"]
[SourceVersion "1"]
[SourceVersionDate "2023.10.10"]
[SourceQuality "1"]

1. Nf3 Nf6 2. c4 g6 3. g3 Bg7 4. Bg2 0-0 5. 0-0 d6 6. d4 Nc6 7. Nc3 a6 8. e4 Bg4 9. Be3 Nd7 10. h3 Bxf3 11. Bxf3 e5 12. d5 Nd4 13. Bg2 f5 14. exf5 Nxf5 15. Qd2 Nxe3 16. Qxe3 Qe7 17. h4 a5 18. a3 Nc5 19. b4 Nb3 20. Rab1 axb4 21. Rxb3 bxc3 22. Qxc3 b6 23. Qd3 Qd7 24. Kh2 Ra4 25. Bh3 Qe7 26. Be6+ Kh8 27. h5 Qg5 28. hxg6 hxg6 29. Kg2 Bf6 30. Qc2 Rfa8 31. Rh1+ Kg7 32. c5 dxc5 33. d6 cxd6 34. Rxb6 R4a7 35. Rxd6 Be7 36. Rc6 Ra6 37. Qe4 Qf6 38. Rd1 Rxc6 39. Qxc6 Rf8 40. Rd2 Rd8 41. Rxd8 Bxd8 42. a4 Qe7 43. Bd5 Qc7 44. Qe6 Qe7 45. Qg8+ Kf6 46. Qh8+ Kf5 47. f3 g5 48. Qh3+ Kg6 49. Be4+ Kf7 50. Qh5+ Ke6 51. Qg6+ Qf6 52. Qe8+ Be7 53. Qc6+ Kf7 54. Bd5+ Kg7 55. Qe8 Qf8 56. Qc6 Qf6 57. Qe8 Qf8 58. Qc6 Qb8 59. Be4 Qd6 60. Qe8 Qd2+ 61. Kh3 Qd6 62. Qh5 Qh6 63. Qxh6+ Kxh6 64. Kg4 c4 65. f4 gxf4 66. gxf4 exf4 67. Kxf4 Bb4 68. Kf3 c3 69. Ke2 Kg5 70. Kd3 Kf4 71. Bh7 Ke5 72. Kc2 Kd5 73. Kb3 Kc5 74. Bc2 Ba5 75. Bb1 Kb6 76. Bc2 Kc5 77. Bd3 Kd4 78. Bb5 Ke3 79. Kc2 Kd4 80. Bc6 Kc4 81. Bb5+ Kb4 82. Be8 Ka3 83. Bb5 Bb4 84. Be8 Ba5 85. Bb5 Bb4 86. Bc6 Ba5 87. Bb5 1/2-1/2

[Event "Las Vegas National op"]
[Site "Las Vegas"]
[Date "2023.06.14"]
[Round "1"]
[White "Wang, Justin"]
[Black "Nandhakumar, Vaseegaran"]
[Result "1-0"]
[WhiteElo "2484"]
[BlackElo "2025"]
[PlyCount "41"]
[EventDate "2023.06.14"]
[EventType "swiss"]
[EventRounds "9"]
[EventCountry "USA"]
[SourceTitle "CBM 214 Extra"]
[Source "ChessBase"]
[SourceDate "2023.07.31"]
[SourceVersion "1"]
[SourceVersionDate "2023.07.31"]
[SourceQuality "1"]

1. d4 Nf6 2. c4 g6 3. Nc3 Bg7 4. e4 0-0 5. Nf3 d6 6. Be2 e5 7. 0-0 Nbd7 8. Be3 Re8 9. d5 Nc5 10. Nd2 a5 11. a3 b6 12. b4 axb4 13. axb4 Rxa1 14. Qxa1 Ncd7 15. Qa7 Nf8 16. Nb5 Re7 17. Qb8 Qd7 18. Ra1 Ng4 19. Bxg4 Qxg4 20. h3 Qd7 21. Ra8 1-0

[Event "Chicago op 32nd"]
[Site "Chicago"]
[Date "2023.05.29"]
[Round "9"]
[White "Nandhakumar, Vaseegaran"]
[Black "Linares Napoles, Oleiny"]
[Result "1/2-1/2"]
[WhiteElo "2008"]
[BlackElo "2236"]
[PlyCount "41"]
[EventDate "2023.05.25"]
[EventType "swiss"]
[EventRounds "9"]
[EventCountry "USA"]
[SourceTitle "CBM 214 Extra"]
[Source "ChessBase"]
[SourceDate "2023.07.31"]
[SourceVersion "1"]
[SourceVersionDate "2023.07.31"]
[SourceQuality "1"]

1. g3 g6 2. Bg2 Bg7 3. c4 c5 4. Nc3 Nc6 5. e3 d6 6. Nge2 Bd7 7. 0-0 Qc8 8. Re1 h5 9. b3 h4 10. Bb2 Nh6 11. d4 hxg3 12. hxg3 Bh3 13. Qd2 Ng4 14. Bh1 Nf6 15. Nf4 Bg4 16. Bg2 g5 17. Nfd5 Bh3 18. Bh1 Bg4 19. Bg2 Bh3 20. Bh1 Bg4 21. Bg2 1/2-1/2